| 000 | 01041nam a2200277 a 4500 | ||
|---|---|---|---|
| 001 | 000002059 | ||
| 005 | 20200929145821.0 | ||
| 008 | 090630s2007 dr 001 0 spa d | ||
| 040 |
_aDO-SdBNP _bspa _cBNPHU |
||
| 082 |
_a251 _bR696a |
||
| 100 | 1 |
_aRodríguez, Rafael Antonio _96629 |
|
| 245 | 1 | 0 |
_a¿A quién enviaré y quién irá por nosotros? : _bmanual de homilética simplificada / _cRafael Antonio Rodríguez ; prólogo José Norat Rodríguez. |
| 246 | 1 | 0 | _aManual de homilética simplificada |
| 260 |
_aCarolina, Puerto Rico : _bKatallage, _c2007. |
||
| 300 |
_a142 p. ; _c22 cm. |
||
| 500 | _aIncluye índice. | ||
| 504 | _aIncluye referencias bibliográficas y notas al pie de las páginas | ||
| 504 | _aBibliografía: p. 141-142. | ||
| 650 | 4 |
_aOratoria sagrada _vMANUALES _96630 |
|
| 650 | 4 |
_aRetórica _96217 |
|
| 650 | 4 |
_aTeología pastoral _93734 |
|
| 650 | 4 |
_aSermones _96631 |
|
| 650 | 7 |
_aPredicación _2Sears _95443 |
|
| 700 | 1 | 2 |
_aNorat Rodríguez, José, _epról. _96632 |
| 910 | _aValidado. Control de calidad MMOLINA | ||
| 999 |
_c1923 _d1923 |
||